El perfecto sacerdote (Registro nro. 18324)

000 -CABECERA
Campo de control de longitud fija 01722nam a22002417a 4500
001 - NÚMERO DE CONTROL
Campo de control BH32795
003 - IDENTIFICADOR DEL NÚMERO DE CONTROL
Campo de control ES-SlBCS
005 - FECHA Y HORA DE LA ÚLTIMA TRANSACCIÓN
Campo de control 20260424091715.0
008 - CÓDIGOS DE INFORMACIÓN DE LONGITUD FIJA
Campo de control de longitud fija 260424s1774 spa||||| |||| 001 0 spa d
040 ## - FUENTE DE LA CATALOGACIÓN
Centro catalogador del origen ES-SlBCS
Lengua de catalogación spa
041 ## - CÓDIGO DE LENGUA
Código de lengua original spa
100 1# - PUNTO DE ACCESO PRINCIPAL-NOMBRE DE PERSONA
Nombre de persona Jove, Juan de
9 (RLIN) 26450
245 1# - MENCIÓN DE TÍTULO
Título El perfecto sacerdote
Resto del título Formado con algunas tan importantes, como debidas, y oportunas Reflexiones. Las mismas que en los cinco días del devoto Quinario a S. Juan Nepomuceno y con que el Venerable Estado Eclesiástico acostumbra implorar su proteccion hace sobre la vida de este prodigioso santo en cinco ideas ó discursos a dicho Venerable estado
Mención de responsabilidad, etc. D. Juan de Jove, Doctor en sagrada Teología, del Gremio y Claustro de la Universidad de Oviedo...
260 ## - PUBLICACIÓN, DISTRIBUCIÓN, ETC... (PIE DE IMPRENTA)
Lugar de publicación, distribución, etc. Madrid :
Nombre del editor, distribuidor, etc. Por D. Joachin Ibarra, Impresor de Cámara de S. M.
-- Se hallará en la Librería de Bustamente, Puerta del Sol, frente á la Casa de los Correos, a la entrada de la calle del Arenal
Fecha de publicación, distribución, etc. , 1774
300 ## - DESCRIPCIÓN FÍSICA
Extensión XII, 344, pg. ;
Otras características físicas 19 cm
500 ## - NOTA GENERAL
Nota general Grabado del autor pg I. Joseph Beraton del.
505 ## - NOTA DE CONTENIDO CON FORMATO
Nota de contenido con formato Prólogo III Plática preparatoria y disposicion preliminar en la víspera del devoto quinario a S. Juan Nepomuceno 1 Exordio y punto historial de la Vida del Santo 23 Segunda idea doctrinal de un perfecto sacerdote 68 Tercera idea doctrinal de un perfecto sacerdote 133 Quarta idea doctrinal de un perfecto sacerdote 187 Quinta idea doctrinal de un perfecto sacerdote 253 Devoto Quinario a S. Juan Nepomuceno 305 Índice alfabético 319
561 ## - NOTA DE PROCEDENCIA
Procedencia Convento de Jerez
650 ## - PUNTO DE ACCESO ADICIONAL DE MATERIA-TÉRMINO DE MATERIA
Término de materia o nombre geográfico como elemento inicial Reflexiones sacerdotales
Subdivisión de materia general Quinario
Subdivisión cronológica Obras anteriores a 1800
9 (RLIN) 26451
700 ## - PUNTO DE ACCESO ADICIONAL-NOMBRE DE PERSONA
Nombre de persona Beraton, Joseph
Término indicativo de función del.
9 (RLIN) 26452
752 ## - PUNTO DE ACCESO ADICIONAL-NOMBRE JERÁRQUICO DE LUGAR
País o entidad superior España
Ciudad Madrid
942 ## - ENTRADA DE ELEMENTOS AGREGADOS (KOHA)
Fuente de clasificaión o esquema
Koha [por defecto] tipo de item Libro Antiguo
Existencias
Suprimido Perdido Fuente de clasificación o esquema Estropeado No para préstamo Localización permanente Localización actual Fecha adquisición Préstamos totales Signatura completa Número de Registro / Código de Barras Fecha última consulta Fecha del precio de reemplazo Tipo de item de Koha
          Biblioteca Histórica Biblioteca Histórica 24/04/2026   S.XVIII-15125 BH32795 24/04/2026 24/04/2026 Libro Antiguo

Bibliotecas Dominicos Provincia Hispania, 2016

Con tecnología Koha